<?xml version="1.0" encoding="UTF-8"?>
<record
    xmlns:xsi="http://www.w3.org/2001/XMLSchema-instance"
    xsi:schemaLocation="http://www.loc.gov/MARC21/slim http://www.loc.gov/standards/marcxml/schema/MARC21slim.xsd"
    xmlns="http://www.loc.gov/MARC21/slim">

  <leader>00626nam a2200229 a 4500</leader>
  <datafield tag="999" ind1=" " ind2=" ">
    <subfield code="c">1251</subfield>
    <subfield code="d">1251</subfield>
  </datafield>
  <controlfield tag="008">191212t2010    ii a|||g |||| 001 0 eng d</controlfield>
  <datafield tag="020" ind1=" " ind2=" ">
    <subfield code="a">9788131517062</subfield>
    <subfield code="c">Rs. 525.00</subfield>
  </datafield>
  <datafield tag="040" ind1=" " ind2=" ">
    <subfield code="a">KO</subfield>
    <subfield code="b">eng</subfield>
  </datafield>
  <datafield tag="041" ind1="0" ind2=" ">
    <subfield code="a">eng</subfield>
  </datafield>
  <datafield tag="044" ind1=" " ind2=" ">
    <subfield code="a">ii</subfield>
  </datafield>
  <datafield tag="082" ind1="0" ind2="4">
    <subfield code="2">23</subfield>
    <subfield code="a">658.1599</subfield>
    <subfield code="b">M2679</subfield>
  </datafield>
  <datafield tag="100" ind1="1" ind2=" ">
    <subfield code="a">Madura, Jeff</subfield>
  </datafield>
  <datafield tag="245" ind1="1" ind2="0">
    <subfield code="a">International Corporate Finance /</subfield>
  </datafield>
  <datafield tag="250" ind1=" " ind2=" ">
    <subfield code="a">10th ed.</subfield>
  </datafield>
  <datafield tag="260" ind1=" " ind2=" ">
    <subfield code="a">Delhi :</subfield>
    <subfield code="b">Cengage Learning India Private Limited ,</subfield>
    <subfield code="c">2010.</subfield>
  </datafield>
  <datafield tag="300" ind1=" " ind2=" ">
    <subfield code="a">xxxi, 709 p. :</subfield>
    <subfield code="b">ill. ;</subfield>
    <subfield code="c">26 cm.</subfield>
  </datafield>
  <datafield tag="504" ind1=" " ind2=" ">
    <subfield code="a">Includes Index.</subfield>
  </datafield>
  <datafield tag="650" ind1=" " ind2="0">
    <subfield code="a">International finance</subfield>
    <subfield code="v">Textbooks</subfield>
  </datafield>
  <datafield tag="852" ind1=" " ind2=" ">
    <subfield code="a">KO</subfield>
  </datafield>
  <datafield tag="904" ind1=" " ind2=" ">
    <subfield code="a">A_BOSE</subfield>
  </datafield>
  <datafield tag="942" ind1=" " ind2=" ">
    <subfield code="c">BK</subfield>
  </datafield>
  <datafield tag="952" ind1=" " ind2=" ">
    <subfield code="0">0</subfield>
    <subfield code="1">0</subfield>
    <subfield code="2">ddc</subfield>
    <subfield code="4">0</subfield>
    <subfield code="6">658_159900000000000_M2679</subfield>
    <subfield code="7">0</subfield>
    <subfield code="8">MANS</subfield>
    <subfield code="9">4946</subfield>
    <subfield code="a">KO</subfield>
    <subfield code="b">KO</subfield>
    <subfield code="c">GEN</subfield>
    <subfield code="d">2013-07-01</subfield>
    <subfield code="e">M/s Sterling Book House (Inv. No.527 dt. 2013-06-17)</subfield>
    <subfield code="g">525.00</subfield>
    <subfield code="o">658.1599 M2679</subfield>
    <subfield code="p">BK002466</subfield>
    <subfield code="r">2019-12-12</subfield>
    <subfield code="y">BK</subfield>
    <subfield code="z">Gen. Shelf-25, Row-3</subfield>
  </datafield>
  <datafield tag="952" ind1=" " ind2=" ">
    <subfield code="0">0</subfield>
    <subfield code="1">0</subfield>
    <subfield code="2">ddc</subfield>
    <subfield code="4">0</subfield>
    <subfield code="6">658_159900000000000_M2679</subfield>
    <subfield code="7">0</subfield>
    <subfield code="8">MANS</subfield>
    <subfield code="9">4947</subfield>
    <subfield code="a">KO</subfield>
    <subfield code="b">KO</subfield>
    <subfield code="c">GEN</subfield>
    <subfield code="d">2013-07-01</subfield>
    <subfield code="e">M/s Sterling Book House (Inv. No.527 dt. 2013-06-17)</subfield>
    <subfield code="g">525.00</subfield>
    <subfield code="o">658.1599 M2679</subfield>
    <subfield code="p">BK002467</subfield>
    <subfield code="r">2019-12-12</subfield>
    <subfield code="y">BK</subfield>
    <subfield code="z">Gen. Shelf-25, Row-3</subfield>
  </datafield>
  <datafield tag="952" ind1=" " ind2=" ">
    <subfield code="0">0</subfield>
    <subfield code="1">0</subfield>
    <subfield code="2">ddc</subfield>
    <subfield code="4">0</subfield>
    <subfield code="6">658_159900000000000_M2679</subfield>
    <subfield code="7">0</subfield>
    <subfield code="8">MANS</subfield>
    <subfield code="9">4948</subfield>
    <subfield code="a">KO</subfield>
    <subfield code="b">KO</subfield>
    <subfield code="c">GEN</subfield>
    <subfield code="d">2013-07-01</subfield>
    <subfield code="e">M/s Sterling Book House (Inv. No.527 dt. 2013-06-17)</subfield>
    <subfield code="g">525.00</subfield>
    <subfield code="o">658.1599 M2679</subfield>
    <subfield code="p">BK002468</subfield>
    <subfield code="r">2019-12-12</subfield>
    <subfield code="y">BK</subfield>
    <subfield code="z">Gen. Shelf-25, Row-3</subfield>
  </datafield>
  <datafield tag="952" ind1=" " ind2=" ">
    <subfield code="0">0</subfield>
    <subfield code="1">0</subfield>
    <subfield code="2">ddc</subfield>
    <subfield code="4">0</subfield>
    <subfield code="6">658_159900000000000_M2679</subfield>
    <subfield code="7">0</subfield>
    <subfield code="8">MANS</subfield>
    <subfield code="9">4949</subfield>
    <subfield code="a">KO</subfield>
    <subfield code="b">KO</subfield>
    <subfield code="c">GEN</subfield>
    <subfield code="d">2013-07-01</subfield>
    <subfield code="e">M/s Sterling Book House (Inv. No.527 dt. 2013-06-17)</subfield>
    <subfield code="g">525.00</subfield>
    <subfield code="o">658.1599 M2679</subfield>
    <subfield code="p">BK002469</subfield>
    <subfield code="r">2019-12-12</subfield>
    <subfield code="y">BK</subfield>
    <subfield code="z">Gen. Shelf-25, Row-3</subfield>
  </datafield>
  <datafield tag="952" ind1=" " ind2=" ">
    <subfield code="0">0</subfield>
    <subfield code="1">0</subfield>
    <subfield code="2">ddc</subfield>
    <subfield code="4">0</subfield>
    <subfield code="6">658_159900000000000_M2679</subfield>
    <subfield code="7">0</subfield>
    <subfield code="8">MANS</subfield>
    <subfield code="9">4950</subfield>
    <subfield code="a">KO</subfield>
    <subfield code="b">KO</subfield>
    <subfield code="c">GEN</subfield>
    <subfield code="d">2013-07-01</subfield>
    <subfield code="e">M/s Sterling Book House (Inv. No.527 dt. 2013-06-17)</subfield>
    <subfield code="g">525.00</subfield>
    <subfield code="o">658.1599 M2679</subfield>
    <subfield code="p">BK002470</subfield>
    <subfield code="r">2019-12-12</subfield>
    <subfield code="y">BK</subfield>
    <subfield code="z">Gen. Shelf-25, Row-3</subfield>
  </datafield>
  <datafield tag="952" ind1=" " ind2=" ">
    <subfield code="0">0</subfield>
    <subfield code="1">0</subfield>
    <subfield code="2">ddc</subfield>
    <subfield code="4">0</subfield>
    <subfield code="6">658_159900000000000_M2679</subfield>
    <subfield code="7">0</subfield>
    <subfield code="8">MANS</subfield>
    <subfield code="9">4951</subfield>
    <subfield code="a">KO</subfield>
    <subfield code="b">KO</subfield>
    <subfield code="c">GEN</subfield>
    <subfield code="d">2013-07-01</subfield>
    <subfield code="e">M/s Sterling Book House (Inv. No.527 dt. 2013-06-17)</subfield>
    <subfield code="g">525.00</subfield>
    <subfield code="o">658.1599 M2679</subfield>
    <subfield code="p">BK002471</subfield>
    <subfield code="r">2019-12-12</subfield>
    <subfield code="y">BK</subfield>
    <subfield code="z">Gen. Shelf-25, Row-3</subfield>
  </datafield>
</record>
